Introduction to computational thinking : (Record no. 222620)
[ view plain ]
| 000 -LEADER | |
|---|---|
| fixed length control field | 00879nam a22002417a 4500 |
| 005 - DATE AND TIME OF LATEST TRANSACTION | |
| control field | 20241015085549.0 |
| 008 - FIXED-LENGTH DATA ELEMENTS--GENERAL INFORMATION | |
| fixed length control field | 220425b ||||| |||| 00| 0 eng d |
| 020 ## - INTERNATIONAL STANDARD BOOK NUMBER | |
| International Standard Book Number | 9781484275405 |
| 040 ## - CATALOGING SOURCE | |
| Transcribing agency | AIMIT LIBRARY |
| 082 ## - DEWEY DECIMAL CLASSIFICATION NUMBER | |
| Edition number | 1 |
| Classification number | 005.73 |
| Item number | MAIT |
| 100 ## - MAIN ENTRY--PERSONAL NAME | |
| Personal name | Mailund, Thomas. |
| 9 (RLIN) | 31742 |
| 245 ## - TITLE STATEMENT | |
| Title | Introduction to computational thinking : |
| Remainder of title | problem solving, algorithms, data structures and more / |
| Statement of responsibility, etc. | By Thomas Mailund. |
| 250 ## - EDITION STATEMENT | |
| Edition statement | 1st ed. |
| 260 ## - PUBLICATION, DISTRIBUTION, ETC. | |
| Place of publication, distribution, etc. | New york : |
| Name of publisher, distributor, etc. | Apress Media, |
| Date of publication, distribution, etc. | 2022. |
| 300 ## - PHYSICAL DESCRIPTION | |
| Extent | xiii,657p. ; |
| Other physical details | PB |
| Dimensions | 25 cm. |
| 650 ## - SUBJECT ADDED ENTRY--TOPICAL TERM | |
| Topical term or geographic name entry element | Introduction to Python Programming |
| 9 (RLIN) | 31743 |
| 650 ## - SUBJECT ADDED ENTRY--TOPICAL TERM | |
| Topical term or geographic name entry element | Algorithmic Efficency |
| 9 (RLIN) | 31744 |
| 650 ## - SUBJECT ADDED ENTRY--TOPICAL TERM | |
| Topical term or geographic name entry element | Divide and conquer and dynamic programming |
| 9 (RLIN) | 31745 |
| 650 ## - SUBJECT ADDED ENTRY--TOPICAL TERM | |
| Topical term or geographic name entry element | Hidden Markov models |
| 9 (RLIN) | 31746 |
| 650 ## - SUBJECT ADDED ENTRY--TOPICAL TERM | |
| Topical term or geographic name entry element | Hidden Markov models |
| 9 (RLIN) | 31746 |
| 650 ## - SUBJECT ADDED ENTRY--TOPICAL TERM | |
| Topical term or geographic name entry element | Data structures, objects and classes |
| 9 (RLIN) | 31747 |
| 942 ## - ADDED ENTRY ELEMENTS (KOHA) | |
| Source of classification or shelving scheme | Dewey Decimal Classification |
| Koha item type | Book |
| Edition | 1st |
| Call number prefix | 005.73 MAIT |
| Withdrawn status | Lost status | Source of classification or shelving scheme | Damaged status | Not for loan | Collection code | Home library | Current library | Date acquired | Source of acquisition | Cost, normal purchase price | Serial Enumeration / chronology | Inventory number | Total Checkouts | Full call number | Barcode | Date last seen | Cost, replacement price | Price effective from | Koha item type |
|---|---|---|---|---|---|---|---|---|---|---|---|---|---|---|---|---|---|---|---|
| Dewey Decimal Classification | MCA | St Aloysius Institute of Management & Information Technology | St Aloysius Institute of Management & Information Technology | 03/24/2022 | Biblios Book Point | 2499.00 | 2022-03-24 | Bill no:6625; Bill dt:2022-03-23 | 005.73 MAIT | MCA17097 | 05/23/2026 | 1999.20 | 04/25/2022 | Book | |||||
| Dewey Decimal Classification | MCA | St Aloysius Institute of Management & Information Technology | St Aloysius Institute of Management & Information Technology | 03/24/2022 | Biblios Book Point | 3998.40 | Bill no:6627; Bill dt:2022-03-23 | 005.73 MAIT | MCA17128 | 05/23/2026 | 2499.00 | 04/25/2022 | Book | ||||||
| Dewey Decimal Classification | MCA | St Aloysius Institute of Management & Information Technology | St Aloysius Institute of Management & Information Technology | 03/24/2022 | Biblios Book Point | 3998.40 | Bill no:6627; Bill dt:2022-03-23 | 005.73 MAIT | MCA17129 | 05/23/2026 | 2499.00 | 04/25/2022 | Book | ||||||
| Dewey Decimal Classification | MCA | St Aloysius Institute of Management & Information Technology | St Aloysius Institute of Management & Information Technology | 03/20/2023 | Biblios Book Point | 2499.00 | Bill no:8480; Bill dt:2023-03-20 | 005.73 MAIT | MCA17196 | 05/23/2026 | 1949.22 | 04/24/2023 | Book |